| 000 | 00360 a2200157 4500 | ||
|---|---|---|---|
| 001 | 58753 | ||
| 082 | _a658.4013 GRA | ||
| 090 |
_c36068 _d36068 |
||
| 100 | _aGrant L Eugene | ||
| 245 | _aStatistical Quality Control, 4/e | ||
| 250 | _a4 | ||
| 260 |
_aLondon _bMcGraw hill _c1972 |
||
| 300 | _a694 p. | ||
| 500 | _aBE textbook IE dept | ||
| 740 | _aSQC | ||
| 942 |
_aNUST-CAE _k658.4013 GRA |
||
| 999 |
_c293826 _d293826 |
||